01730nam a2200217 a 4500008004100000020000800041041000800049092001900057100003300076245005500109250004000164260003700204300001000241500008900251505085800340590004801198655002101246942001201267999001501279952021801294161215e2007 ag a|||g |||| 001 0dspa d aS/N aspa c750l54sMUÑ1 aMuñoz, Ramón Oscar93511 aMateria.bObras 2004 - 2007 /cRamón O. Muñoz. a1a ed.bFotografía: Sandra Poggi. aNeuquén:bPunto Aparte;c2007. a64 p. aMuñoz, R. O. (2007). Materia. Obras 2004-2007. (1a ed.). Neuquén : Punto Aparte. aEs una satisfacción y un deleite contar en nuestra provincia con un autodidacta que ha ido comprendiendo el mundo circundante, el más cercano y concreto y el del alma. En sus obras se trasluce la historia propia de estas tierras, las historias tejidas en el cuerpo social de nuestra cultura, que a través de técnicas milenarias fue transformando en interpretaciones de identidad. Una vida con tramas que conforman espacios, de calor, de frío, de oscuridad y de luz. Una luz intensa transmitida desde sus telas vibrantes y enérgicas. Todas estas variantes forman la materia de la que estamos hechos. La materia pendiente que puede representarse en el cruce de las líneas, los colores y las sugerencias. Hoy nos entrega este trabajo uno de los principales artistas plásticos de Neuquén, que con firmeza y constancia sostuvo sus sueños. aDonación Maria Vitarelli, Diciembre 2017. aFotografia93512 2ddccBK c2649d2649 00102ddc4070aBFMbBFMcCRd2018-02-07eDonación María Vitarelli, Diciembre 2017l0o750 54 MUÑp4170r2018-02-07tEj. 1w2018-02-07yBKzProyecto 4to libro. Donación María Vitarelli, Diciembre 2017..